| 000 | 00000nam 2200000za 4500 |
| 001 | 9.827187 |
| 003 | CaOODSP |
| 005 | 20221107144742 |
| 007 | cr ||||||||||| |
| 008 | 161108q2007 onc #o f000 0 eng d |
| 040 | |aCaOODSP|beng |
| 043 | |an-cn--- |
| 086 | 1 |aSG5-76/2007E-PDF |
| 245 | 00|aSteps to register for the ROE Web |h[electronic resource]. |
| 260 | |a[Ottawa] : |bService Canada, |c[2007]. |
| 300 | |a[1] p. |
| 500 | |aIssued also in French under title: Étapes pour l’inscription au RE Web. |
| 500 | |aAt head of title: Employment insurance. |
| 520 | |aSteps to register for Record of Employment on the Web. |
| 692 | 07|2gccst|aRecord of employment |
| 692 | 07|2gccst|aEmployment insurance |
| 710 | 1 |aCanada. |bService Canada. |
| 775 | 08|tÉtapes pour l’inscription au RE Web |w(CaOODSP)9.827190 |
| 856 | 40|qPDF|s42 KB|uhttps://publications.gc.ca/collections/collection_2016/servcan/SG5-76-2007-eng.pdf |